Loading...
| Mythology | 0 | 4 | 1 | 1 | 35 | 60 | 77.50 | 1 | 4 | 11.70 | 26.00 |
| History - Other | 0 | 3 | 0 | 1 | 30 | 61 | 82.33 | 0 | 3 | 7.10 | 16.00 |
| Religion | 0 | 2 | 0 | 0 | 20 | 56 | 84.50 | 0 | 2 | 4.91 | 12.00 |
| Fine Arts - Painting and Sculpture | 0 | 2 | 0 | 0 | 20 | 34 | 41.00 | 1 | 2 | 12.85 | 18.00 |
| Fine Arts - Classical Music | 0 | 2 | 0 | 0 | 20 | 73 | 82.00 | 1 | 2 | 7.30 | 18.00 |
| Literature - European | 0 | 1 | 0 | 0 | 10 | 56 | 56.00 | 0 | 1 | 5.48 | 6.00 |
| Literature - World | 0 | 1 | 0 | 0 | 10 | 81 | 81.00 | 0 | 1 | 2.70 | 6.00 |
| Science - Biology | 0 | 1 | 0 | 1 | 10 | 98 | 98.00 | 0 | 0 | 0.58 | 4.00 |
| Science - Chemistry | 0 | 1 | 0 | 0 | 10 | 85 | 85.00 | 0 | 0 | 1.83 | 2.00 |
| Social Science | 0 | 1 | 0 | 0 | 10 | 64 | 64.00 | 0 | 1 | 5.97 | 2.86 |
| Fine Arts - Other | 0 | 1 | 0 | 0 | 10 | 56 | 56.00 | 1 | 1 | 5.04 | 10.00 |
| History - European | 0 | 1 | 0 | 0 | 10 | 54 | 54.00 | 0 | 1 | 4.49 | 6.00 |
| History - World | 0 | 1 | 0 | 1 | 10 | 102 | 102.00 | 0 | 0 | 0.64 | 4.00 |
| Literature - British | 0 | 1 | 0 | 0 | 10 | 40 | 40.00 | 1 | 1 | 6.49 | 10.00 |
| Science - Physics | 0 | 0 | 1 | 0 | -5 | 0.00 | 0 | 0 | 0.00 | 0.00 |